Statistics for The most downloaded mobile apps

Click here to take the quiz!

General Stats

  • This quiz has been taken 67 times
  • The average score is 6 of 10

Answer Stats

#Application% Correct
3Facebook
95%
2Instagram
90%
1TikTok
78%
6Snapchat
73%
4Whatsapp
70%
7Facebook Messenger
53%
10Spotify
45%
5Telegram
45%
8Zoom Cloud Meetings
18%
9CapCut
10%

Score Distribution

Percentile by Number Answered

Percent of People with Each Score

Your Score History

You have not taken this quiz